El misterio del profesor ausente /
En la escuela de Sebastián ha desaparecido el profesor de Física y Química. No es que a él le interesaran demasiado esas materias, pero si le interesa Silvina, la hija del profesor; y es por eso que Sebastián -no por casualidad, hijo de un detective- se compromete a buscar a Tomas Herrera, el profes...
Guardado en:
| Autor Principal: | |
|---|---|
| Otros Autores: | |
| Formato: | Libro |
| Idioma: | Undetermined |
| Publicado: |
Buenos Aires :
del Naranjo,
2013.
|
| Edición: | 1a ed. |
| Series: | La puerta blanca
|
| Materias: | |
| Etiquetas: |
Agregar Etiqueta
Sin Etiquetas, Sea el primero en etiquetar este registro!
|
| LEADER | 01180nam a22002295a 4500 | ||
|---|---|---|---|
| 001 | CEM.cems020348 | ||
| 008 | 230815s2013####ag############000#0#und#d | ||
| 005 | 20230815150503.0 | ||
| 245 | 1 | 0 | |a El misterio del profesor ausente / |c Germán Cáceres ; ilustrado por Mauro Vargas. |
| 250 | |a 1a ed. | ||
| 260 | |a Buenos Aires : |b del Naranjo, |c 2013. | ||
| 300 | |a 96 p. | ||
| 490 | 1 | |a La puerta blanca | |
| 520 | |a En la escuela de Sebastián ha desaparecido el profesor de Física y Química. No es que a él le interesaran demasiado esas materias, pero si le interesa Silvina, la hija del profesor; y es por eso que Sebastián -no por casualidad, hijo de un detective- se compromete a buscar a Tomas Herrera, el profesor en cuestión. La necesidad de desentrañar el enigma que rodea a la desaparición llevara a los dos chicos a protagonizar una aventura que jamás podrían haber imaginado. | ||
| 020 | |a 9789871343751 | ||
| 100 | 1 | |a Cáceres, Germán. | |
| 700 | 1 | |a Vargas, Mauro. | |
| 653 | |a Literatura argentina | ||
| 653 | |a Literatura infantil y juvenil | ||
| 653 | |a Novela juvenil | ||
| 653 | |a Misterio | ||
| 859 | |a CEMS |b BIB. CEMS - Inicial y Primaria |h A863.4 |i C113-2 |k IP |p 6199 |t Ej.1 | ||
